| 000 | 00968nam a22002537a 4500 | ||
|---|---|---|---|
| 999 |
_c2120 _d2120 |
||
| 003 | AR-CdUCM | ||
| 008 | 190304b ||||| |||| 00| 0 spa d | ||
| 020 | _a9972-623-06-8 | ||
| 040 |
_aMUNICIPALIDAD PROVINCIAL DEL CUSCO _cBIBLIOTECA MUNICIPAL DEL CUSCO |
||
| 082 |
_a398.209 / _bV19 |
||
| 100 |
_aValderrama Fernández, Ricardo _97653 |
||
| 245 | _aLa doncella sacrificada : mitos del Valle del Colca / | ||
| 260 |
_aArequipa : _bUniversidad Nacional de San Agustín ; _c1997. |
||
| 300 |
_a268 páginas ; _b"Edición bilingüe quechua y castellano" _c21 cm. |
||
| 505 | _aArguedas, José María -- Benavides, María -- Bertonio, Ludovico -- Flores Ochoa, Jorge -- Garcilaso de la Vega Inca... | ||
| 650 |
_aJosé María Arguedas _9793 |
||
| 650 |
_aGarcilaso de la Vega _961 |
||
| 650 |
_aCiencias Sociales _91096 |
||
| 650 |
_aHistoria _9246 |
||
| 650 |
_aPerú _935 |
||
| 700 |
_aCarmen Escalante Gutiérrez _97654 |
||
| 942 |
_2ddc _cLIBROS |
||
| 945 | _admma | ||